<The> Many Roles of Change Agency in the Game of Green Path Development in the North
Identifikácia a skúmanie úloh, ktorým sa venujú agentúry pri rozvoji zelenej cesty v severských krajinách. Analýza rozvojových aktivít na miestnej a regionálnej úrovni zameraných na ekologizáciu hospodárstva. Predstavenie inovačných systémov a súvisiacich politík.
Enregistré dans:
| Auteur principal: | |
|---|---|
| Autres auteurs: | , , |
| Format: | Chapitre de livre |
| Langue: | anglais |
| Sujets: | |
| Tags: |
Pas de tags, Soyez le premier à ajouter un tag!
|
MARC
| LEADER | 00000naa a2200000 4500 | ||
|---|---|---|---|
| 001 | 0273624 | ||
| 005 | 20210513103927.9 | ||
| 041 | 0 | |a eng | |
| 044 | |a GB | ||
| 245 | 1 | 0 | |a <The> Many Roles of Change Agency in the Game of Green Path Development in the North |c Markku Sotarauta and Nina Suvinen, Suyash Jolly, Teis Hansen |
| 520 | |a Identifikácia a skúmanie úloh, ktorým sa venujú agentúry pri rozvoji zelenej cesty v severských krajinách. Analýza rozvojových aktivít na miestnej a regionálnej úrovni zameraných na ekologizáciu hospodárstva. Predstavenie inovačných systémov a súvisiacich politík. | ||
| 610 | 2 | 0 | |a environmentalistika |
| 610 | 2 | 0 | |a ekológia krajiny |
| 610 | 2 | 0 | |a rozvoj trvalo udržateľný |
| 610 | 2 | 0 | |a agentúry |
| 610 | 2 | 0 | |a ekonomika regionálna |
| 610 | 2 | 0 | |a Nórsko |
| 100 | 1 | |a Sotarauta, Markku | |
| 700 | 1 | |a Suvinen, Nina | |
| 700 | 1 | |a Jolly, Suyash | |
| 700 | 1 | |a Hansen, Teis | |